Normal view MARC view
  • Alcántara García, Pedro de

Entry Nombre Personal

Number of records used in: 5

001 - NUMERO DE CONTROL

  • campo de control: 28696

003 - IDENTIFICADOR DE NUMERO DE CONTROL

  • campo de control: DLC

005 - FECHA Y HORA DE LA ÜLTIMA TRANSACCIÓN

  • campo de control: 20230511103816.0

008 - DATOS DE LONGITUD FIJA

  • campo de control de longitud fija: 060320n| acannaabn |a aaa

010 ## - NÚMERO DE CONTROL DE LA BIBLIOTECA DEL CONGRESO

  • Número de control LC: nb2006006906

035 ## - NUMERO DE CONTROL

  • Número de control: (Uk)006432085

040 ## - FUENTE DE CATALOGACIÓN

  • Agencia original de catalogación: Uk
  • Lenguaje de catalogación: spa
  • Agencia de transcripción: Uk
  • Agencia que lo modifica: MX-MxUPN

100 1# - ENCABEZAMIENTO - NOMBRE PERSONAL

  • Nombre personal: Alcántara García, Pedro de

400 1# - VEÁSE - NOMBRE DE PERSONA

  • Personal name: De Alcántara García, Pedro

670 ## - FUENTE EN LA QUE SE LOCALIZARON DATOS

  • Cita de la fuente: La enseñanza del trabajo manual en las escuelas primarias y las normales, 1903:
  • Información localizada: portada (Pedro de Alcántara García)

670 ## - FUENTE EN LA QUE SE LOCALIZARON DATOS

  • Cita de la fuente: Educación intuitiva y lecciones de cosas, 1881:
  • Información localizada: portada (Pedro de Alcántara García; profesor de Pedagogía en las Escuelas Normales Centrales de Maestros y Maestras)

902 ## - CATALOGADOR

  • Catalogador: Víctor Ruiz/110523